000 00580nam a2200229Ia 4500
003 OSt
005 20220918201341.0
006 a|||||r|||| 00| 0
007 ta
008 220917b |||||||| |||| 00| 0 eng d
024 _a93,282
037 _cTextual
040 _aARTS
_cARTS
_beng
041 _2eng
_aeng
082 _aV1-1:5:N5, J9-;1-;2
100 _aPanikar K M
_998273
245 0 _aAfro Asian states and their problems
260 _c1959
650 _aHISTORY
942 _hV1-1:5:N5, J9-;1-;2
_cTEXL
_2CC
999 _c216929
_d216929